000 00796nam a2200241 a 4500
001 BRCA_98
005 20190320202859.0
008 761007s1933 mx-f---###---#000-0#spa-#
040 _aDLC
_cDLC
_dDLC
041 _aspa
044 _amx
050 4 _aNK8214
_b.C47 1991
100 1 _aCervantes, Enrique A.
_9383
245 1 0 _aHerreros y forjadores poblanos
_cpor Enriqve A. Cervantes; dibujos y fotografías del autor.
260 _aMéxico
_bGobierno del Estado de Puebla, Secretaría de Cultura
_c1991
300 _aLXX
_bil. láminas (pieza montada)
_c27 cm.
500 _aHojas de láminas IV-XI, LXIX-LXX
500 _aFacsímil de: México, 1933
650 1 4 _aEstructuras de hierro
_zMéxico
_9384
650 1 4 _aHerreros
_zPuebla (México)
_9385
653 0 _aHierro forjado
942 _2lcc
_cB
999 _c84
_d84